| 000 | 00000nam##2200000za#4500 |
| 001 | 9.613073 |
| 003 | CaOODSP |
| 005 | 20230202144024 |
| 007 | ta |
| 008 | 150406|1996||||xxc||||| f|0| 0 eng|d |
| 020 | |a0-662-24663-2 |
| 040 | |aCaOODSP|beng |
| 043 | |an-cn--- |
| 086 | 1 |aH72-22/7-1996E |
| 110 | 2 |aNational Clearinghouse on Family Violence (Canada). |
| 245 | 10|aWife abuse: the impact on children / |cRevised by the London Family Court Clinic. |
| 260 | |aOttawa - Ontario : |bHealth Canada. |c1996. |
| 300 | |a11p. : |breferences ; |c28 cm. |
| 490 | 1 |aInformation from the National Clearinghouse on Family Violence |
| 590 | |a96-21|b1996-05-24 |
| 690 | 07|aFamily violence|2gcpds |
| 776 | 0#|tWife abuse - the impact on children |w(CaOODSP)9.572903 |
| 830 | #0|aInformation from the National Clearinghouse on Family Violence.|w(CaOODSP)9.514740 |